Paternidad responsable / (Record no. 145317)

MARC details
000 -LEADER
campo de control de longitud fija 00702nam a2200193 i 4500
001 - NÚMERO DE CONTROL
campo de control 145317
003 - IDENTIFICADOR DE NÚMERO DE CONTROL
campo de control ES-MaACL
005 - FECHA Y HORA DE LA ÚLTIMA TRANSACCIÓN
campo de control 20230906201216.0
007 - CAMPO FIJO DE DESCRIPCIÓN FÍSICA--INFORMACIÓN GENERAL
campo de control de longitud fija t|
008 - DATOS DE LONGITUD FIJA--INFORMACIÓN GENERAL
campo de control de longitud fija 070214s1971 sp r ||||1| spa d
100 1# - ENTRADA PRINCIPAL--NOMBRE DE PERSONA
Nombre de persona Soria, José Luis.
9 (RLIN) 107355
245 10 - MENCIÓN DEL TÍTULO
Título Paternidad responsable /
Mención de responsabilidad, etc. José Luis Soria Saiz ; revisión y nota bibliográfica de José L. Navarro ; [versión española... Juan Carlos Beascochea].
260 ## - PUBLICACIÓN, DISTRIBUCIÓN, ETC.
Lugar de publicación, distribución, etc. Madrid :
Nombre del editor, distribuidor, etc. Rialp,
Fecha de publicación, distribución, etc. [1971] (
Fabricante Closas-Orcoyen)
300 ## - DESCRIPCIÓN FÍSICA
Extensión 167 p. ;
Dimensiones 19 cm.
650 04 - PUNTO DE ACCESO ADICIONAL DE MATERIA--TÉRMINO DE MATERIA
Término de materia o nombre geográfico como elemento de entrada Control de natalidad-
Subdivisión general Aspectos religiosos.
9 (RLIN) 11339
700 1# - ENTRADA AGREGADA--NOMBRE PERSONAL
Nombre de persona Navarro, José L.
9 (RLIN) 85073
700 1# - ENTRADA AGREGADA--NOMBRE PERSONAL
Nombre de persona Beascochea, Juan Carlos.
9 (RLIN) 26785
852 ## - LOCALIZACIÓN
Ubicación ES-MaACL
Número de control de estantería C-50639
Sublocalización o colección R.76752
Holdings
Estatus retirado Estado de pérdida Estado de daño No para préstamo Biblioteca de origen Biblioteca actual Ubicación en estantería Fecha de adquisición Fuente de adquisición Total de préstamos Signatura topográfica completa Código de barras Visto por última vez Precio de reemplazo Tipo de ítem Koha
        Biblioteca del Ateneo de Madrid Biblioteca del Ateneo de Madrid Depósito 2 17/01/2008     C-50639 1151688 23/02/2023 23/02/2023 Libro impreso